000 00456nam a2200193Ia 4500
008 170918s9999 xx 000 0 und d
020 _a9780545104425
050 _bO183 2007
100 _aO'Connor, Barbara
245 _aHow to steal a dog /
245 _cBarbara O'Connor.
260 _aNew York :
260 _bScholastic,
260 _c2007
300 _a168 pages :
300 _bcolored illustration ;
300 _c19cm.
500 _a700
999 _c341995
_d341995